000 01668nam0a2200373 i 4500
001 RU\NLR\BIBL_A\010412043
005 20260409071359.0
010 _a9785443901466
_91000
021 _aRU
_b2014-32831
_92004
035 _a(NILC)RuMoRGB-007211067
035 _a(NLR Aleph) 010412043
090 _a9764406
_c9764406
100 _a20140703d2014 u y0rusy50 ca
101 0 _arus
102 _aRU
105 _aa|||z||||00yy
200 1 _aУчим математике - 4
_e(материалы открытой школы-семинара учителей математики)
_e[сборник]
_fпод ред. А. Д. Блинкова и П. В. Чулкова
210 _aМосква
_cИзд-во МЦНМО
_d2014
215 _a186 с.
_cил.
_d21
300 _aЗагл. обл.: Учим математике 4
320 _aБиблиогр. в конце ст.
512 1 _aУчим математике 4
606 _aМатематика
_jСборники
_xПреподавание
_xСредняя школа
_91523244
_3RU\NLR\AUTH\66662481
675 _a373.3/.5.016:51
686 1 _aЧ426.24я43
702 1 _aБлинков
_bА. Д.
_gАлександр Давидович
_4340
711 1 2 _aОткрытая школа-семинар для преподавателей математики и информатики
_d4
_eс. Морское, Николаевская обл.
_f2013
_9413928
_3RU\NLR\AUTH\880373741
801 0 _aRU
_bRuMoRKP
_c20130401
_gRCR
801 2 _aRU
_bРГБ
_c20140514
_grcr
801 1 _aRU
_bRuMoRKP
_c20130401
_2rusmarc
942 _cBOOK
980 _aNBR